Mạch khuếch đại với mạch lọc hạ thông 10KHZ
में बचाया:
| मुख्य लेखक: | |
|---|---|
| स्वरूप: | पुस्तक |
| भाषा: | Undetermined |
| प्रकाशित: |
Cần Thơ
Viện Đại Học Cần Thơ - Đại Học Khoa Học - Ban Khoa Học ứng Dụng
1973
|
| विषय: | |
| टैग : |
टैग जोड़ें
कोई टैग नहीं, इस रिकॉर्ड को टैग करने वाले पहले व्यक्ति बनें!
|
| Thư viện lưu trữ: | Trung tâm Học liệu Trường Đại học Cần Thơ |
|---|
| LEADER | 00675nam a2200181Ia 4500 | ||
|---|---|---|---|
| 001 | CTU_33865 | ||
| 008 | 210402s9999 xx 000 0 und d | ||
| 082 | |a 621.381 | ||
| 082 | |b T103 | ||
| 100 | |a Châu Thành Tài | ||
| 245 | 0 | |a Mạch khuếch đại với mạch lọc hạ thông 10KHZ | |
| 245 | 0 | |c Châu Thành Tài, Nguyễn Đức Trọng | |
| 260 | |a Cần Thơ | ||
| 260 | |b Viện Đại Học Cần Thơ - Đại Học Khoa Học - Ban Khoa Học ứng Dụng | ||
| 260 | |c 1973 | ||
| 650 | |a electric circuits,electronics,semiconductors,transistor | ||
| 904 | |i Minh, 991112 | ||
| 980 | |a Trung tâm Học liệu Trường Đại học Cần Thơ | ||